Molecular biology and biotechnology : a guide for students /

Бібліографічні деталі
Автор: Kreuzer, Helen
Інші автори: Massey, Adrianne
Формат: Книга
Мова:English
Опубліковано: Washington, D.C. : ASM Press, c2008.
Редагування:Third edition.
Предмети:
Classic Catalogue: View this record in Classic Catalogue
LEADER 01414nam a2200325 a 4500
001 00016992
003 BD-DhAAL
008 090520s2008 dcua b 001 0 eng d
020 |a  9781555814724 
020 |a  1555814727 
040 |a BD-DhAAL  |c BD-DhAAL 
082 0 4 |a  660.6   |2  22 
100 1 |a Kreuzer, Helen.  |9 44838 
245 1 0 |a Molecular biology and biotechnology :  |b a guide for students /  |c Helen Kreuzer, Adrianne Massey. 
250 |a Third edition. 
260 |a Washington, D.C. :  |b ASM Press,  |c c2008. 
300 |a  x, 487 p. :  |b ill. ;  |c 28 cm 
500 |a  Rev. ed. of: Recombinant DNA and biotechnology. 2nd ed. c2001. 
504 |a  Includes bibliographical references and index. 
526 |a MNS  |x Professor Naiyyum Choudhury Department of Mathematics and Natural Sciences BRAC University 
541 1 |e 00016992  |a Paragon Enterprises LTD 
650 0 |a Biotechnology.  |9 44839 
650 0 |a  Molecular biology.  |9 44840 
650 0 |a Pharmacy.  |9 44841 
700 1 |a Massey, Adrianne.  |9 44842 
700 1 |a Kreuzer, Helen.  |t Recombinant DNA and biotechnology.  |9 44843 
852 4 |a Ayesha Abed Library  |c General Stacks 
942 |2 ddc  |c BK 
999 |c 901  |d 901 
952 |0 0  |1 4  |2 ddc  |4 0  |6 660_600000000000000_KRE  |7 0  |9 840  |a BRACUL  |b BRACUL  |d 2009-05-20  |e Paragon Enterprises LTD  |g 3679.00  |l 0  |o 660.6 KRE  |p 3010016992  |r 2009-05-20  |t 1  |w 2009-05-20  |y RSV  |x Koha Inventory 2020 ; Requisitioned by Professor Naiyyum Choudhury.